00443nam 22001333 450000100060000010000410000610100080004720001250005521000450018021500100022531700390023560600260027480100090030032599 a20260318d u||y0pory50 ba aeng aProceedings of the WMO/IUGG Symposium on Numerical Weather Prediction in TokyoeNovember 26- December 4, 1968fWMOgIUGG aJapancJapan Mateorological Agencyd1969 d26 cm 5Serviço Meteorológico Nacional xPrevisão Numérica gISBD